000 00755nam a2200253Ia 4500
003 OSt
005 20220926022948.0
006 a|||||r|||| 00| 0
007 ta
008 220923b |||||||| |||| 00| 0 eng d
037 _cGeneral Book
040 _aRTL
_cRTL
_beng
041 _2eng
_aeng
082 _aB28, k8
100 _aFiacco Anthony V
_9150849
245 0 _aNonlinear programming
_b Sequential unconstrained minimization techniques
260 _aNew York
_bWiley
_c1968
300 _axiv,210p.
_ccm.
500 _aBibliography : P 196-202
650 _aStatistics
_935791
700 _a McCormick Garth P
_9150850
942 _hB28, k8
_cGB
_2CC
999 _c640676
_d640676